UBT Library

Financial accounting / (Record no. 43091)

000 -LEADER
fixed length control field 00639cam a2200217 a 4500
001 - CONTROL NUMBER
control field 13017130
005 - DATE AND TIME OF LATEST TRANSACTION
control field 20180222032156.0
008 - FIXED-LENGTH DATA ELEMENTS--GENERAL INFORMATION
fixed length control field 021202s2004 njua 001 0 eng
010 ## - LIBRARY OF CONGRESS CONTROL NUMBER
LC control number 2002037080
020 ## - INTERNATIONAL STANDARD BOOK NUMBER
International Standard Book Number 0130082139
040 ## - CATALOGING SOURCE
Original cataloging agency DLC
Transcribing agency DLC
Modifying agency DLC
041 ## - LANGUAGE CODE
Language code of text/sound track or separate title eng
080 ## - UNIVERSAL DECIMAL CLASSIFICATION NUMBER
Universal Decimal Classification number 657 HAR
082 00 - DEWEY DECIMAL CLASSIFICATION NUMBER
Classification number 657 HAR
Edition number 21
100 1# - Rafti
Rafti 62
101 ## - Shkurtesa
Shkurtesa KF
245 10 - TITLE STATEMENT
Title Financial accounting /
Statement of responsibility, etc Walter T. Harrison, Jr., Charles T. Horngren.
906 ## - LOCAL DATA ELEMENT F, LDF (RLIN)
a 7
b cbc
c orignew
d 1
e ocip
f 20
g y-gencatlg
942 ## - ADDED ENTRY ELEMENTS (KOHA)
Source of classification or shelving scheme
Item type Books
Holdings
Withdrawn status Lost status Source of classification or shelving scheme Damaged status Not for loan Collection code Permanent location Current location Shelving location Date acquired Total Checkouts Full call number Barcode Date last seen Price effective from Koha item type
          Koleksioni i përgjithshem UBT - Lipjan UBT - Lipjan Koleksioni i përgjithshem 02/22/2018   657 HAR 002-2999933 02/22/2018 02/22/2018 Books
UBT Library © 2015-2024. All rights reserved University Education for Business and Technology